000 00484nam a22001697a 4500
005 20251108170713.0
008 250721s1981 xx 000 0 eng d
082 1 4 _aR/338.9565/NAT
245 1 0 _aFive year plan for econonic and social develpoment 1981 - 1985 /
264 1 _aAmman :
_bNational planning council,
_c1981.
300 _a372p.
650 1 7 _aJordan
650 1 7 _aEconomic policy
710 2 _aNational planning council (Jordan)
942 _2ddc
_cREF
999 _c47001
_d47001